000 00959nam a22003017a 4500
003 CHAP
005 20220329140835.0
008 971013s1981 r 00010 d
010 _a58423
011 _a59395
035 _a63553
040 _cCHAP
090 _aFolleto 8059
100 0 0 _aSuárez Molina, Víctor M.
_9110711
245 _aFlora melífera y polinífera de la Península yucateca o de fácil propagación en la región
260 _aMéxico :
_bFondo Editorial de Yucatán,
_c1981
300 _app. 27-54
501 _aEnc. con otros impresos similares
590 _aBATCH-UPD
_b10
_c20130110
_lUCH01
_h0708
590 _aBATCH-UPD
_b10
_c20130410
_lUCH01
_h0354
590 _aBATCH-UPD
_b10
_c20130914
_lUCH01
_h1920
590 _aCONVERSION
_b10
_c20130109
_lUCH01
_h1331
650 1 4 _aPlantas melíferas.
_989030
650 1 4 _aPolen.
_990208
901 _aBK
942 _cFOLL
949 _aFolleto 8059
_bBC
_cFOLL
_d-136664
_eTS1
_i63553
_si
999 _c58423
_d58423